Detalles MARC
| 000 -LEADER |
| fixed length control field |
03015nam a2200493Ii 4500 |
| 001 - CONTROL NUMBER |
| control field |
DIGUSAL0115 |
| 003 - CONTROL NUMBER IDENTIFIER |
| control field |
NyNyDIG |
| 007 - PHYSICAL DESCRIPTION FIXED FIELD--GENERAL INFORMATION |
| fixed length control field |
cr ||||||||||| |
| 008 - FIXED-LENGTH DATA ELEMENTS--GENERAL INFORMATION |
| fixed length control field |
180531s2017 sp ob 000 0 spa d |
| 006 - FIXED-LENGTH DATA ELEMENTS--ADDITIONAL MATERIAL CHARACTERISTICS |
| fixed length control field |
m o d |
| 035 ## - SYSTEM CONTROL NUMBER |
| System control number |
(OCoLC)1038377515 |
| 040 ## - CATALOGING SOURCE |
| Original cataloging agency |
DGITA |
| Language of cataloging |
eng |
| Description conventions |
rda |
| -- |
pn |
| Transcribing agency |
DGITA |
| 020 ## - INTERNATIONAL STANDARD BOOK NUMBER |
| International Standard Book Number |
9788490127339 |
| Qualifying information |
(eBook ; |
| -- |
pdf) |
| 020 ## - INTERNATIONAL STANDARD BOOK NUMBER |
| International Standard Book Number |
8490127336 |
| Qualifying information |
(eBook ; |
| -- |
pdf) |
| 020 ## - INTERNATIONAL STANDARD BOOK NUMBER |
| Canceled/invalid ISBN |
9788490126929 |
| Qualifying information |
(impreso) |
| 020 ## - INTERNATIONAL STANDARD BOOK NUMBER |
| Canceled/invalid ISBN |
8490126925 |
| Qualifying information |
(impreso) |
| 041 0# - LANGUAGE CODE |
| Language code of text/sound track or separate title |
spa |
| -- |
fre |
| 050 14 - LIBRARY OF CONGRESS CALL NUMBER |
| Classification number |
DS36.85 ebook |
| 082 04 - DEWEY DECIMAL CLASSIFICATION NUMBER |
| Classification number |
909.097671 |
| 245 00 - TITLE STATEMENT |
| Title |
Política, sociedad e identidades en el occidente islámico (siglos XI-XIV) / |
| Statement of responsibility, etc. |
Miguel Ángel Manzano y Rachid el Hour (editores). |
| 250 ## - EDITION STATEMENT |
| Edition statement |
1a edición. |
| 264 #1 - PRODUCTION, PUBLICATION, DISTRIBUTION, MANUFACTURE, AND COPYRIGHT NOTICE |
| Place of production, publication, distribution, manufacture |
Salamanca (España) : |
| Name of producer, publisher, distributor, manufacturer |
Ediciones Universidad de Salamanca, |
| Date of production, publication, distribution, manufacture, or copyright notice |
[2017] |
| 300 ## - PHYSICAL DESCRIPTION |
| Extent |
1 online resource. |
| 336 ## - CONTENT TYPE |
| Content type term |
text |
| Content type code |
txt |
| Source |
rdacontent |
| 337 ## - MEDIA TYPE |
| Media type term |
computer |
| Media type code |
c |
| Source |
rdamedia |
| 338 ## - CARRIER TYPE |
| Carrier type term |
online resource |
| Carrier type code |
cr |
| Source |
rdacarrier |
| 490 1# - SERIES STATEMENT |
| Series statement |
Estudios filológicos ; |
| Volume/sequential designation |
345 |
| 504 ## - BIBLIOGRAPHY, ETC. NOTE |
| Bibliography, etc. note |
Includes bibliographical references. |
| 505 0# - FORMATTED CONTENTS NOTE |
| Formatted contents note |
Identidad y vida intelectual en la Murcia de Ibn Mardanīš / Victoria Aguilar -- De Ašīr à Béjaïa : émergenceet développement politique et socioculturelchez les Ḥammādīdes au Maghreb central / Allaoua Amara -- Debates islámicos medievales en tornoal uso de las lenguas no-árabes : un texto del 'Miʹyār' de al-Wanšarīrī / Alfonso Carmona -- El cadiazgo de Iznájar en época almorávide : una propuesta de análisis / Rachid El Hour -- El 'Mahdī' Ibn Tūmart : más allá de la biografía 'oficial / Maribel Fierro -- Les Berbères d'al-Andalus dans la 'Ǧamhara' d'Ibn Ḥazm : histoire et historiographie / Pierre Guichard -- De crisis de sucesión y problemas internosen el sultanato meriní de Fez / Miguel Ángel Manzano -- Caminos de santidad entre al-Ándalus y el Mágreb : La 'ṭarīqa' ṣāḥilīya' de Málaga (ss. VII-VIII/XIII-XIV) / Manuela Marín -- Los territorios de las variantes lingüísticas del beréber y su papel en la difusión del islam en el Magreb medieval / Mohamed Meouak. |
| 546 ## - LANGUAGE NOTE |
| Language note |
Text in Spanish and French. |
| 588 0# - SOURCE OF DESCRIPTION NOTE |
| Source of description note |
Online resource; title from PDF title page (Digitalia, viewed June 2, 2018) |
| 650 #0 - SUBJECT ADDED ENTRY--TOPICAL TERM |
| Topical term or geographic name entry element |
Islamic civilization. |
| 650 #0 - SUBJECT ADDED ENTRY--TOPICAL TERM |
| Topical term or geographic name entry element |
Islamic civilization |
| General subdivision |
Western influences. |
| 655 #0 - INDEX TERM--GENRE/FORM |
| Genre/form data or focus term |
Electronic books. |
| 700 1# - ADDED ENTRY--PERSONAL NAME |
| Personal name |
Manzano, Miguel Angel, |
| Relator term |
editor. |
| 700 1# - ADDED ENTRY--PERSONAL NAME |
| Personal name |
El Hour, Rachid, |
| Relator term |
editor. |
| 791 2# - |
| -- |
Digitalia (Firm), |
| -- |
distributor. |
| 793 0# - |
| -- |
Digitalia eBook Collection: |
| -- |
Ediciones Universidad de Salamanca |
| 776 08 - ADDITIONAL PHYSICAL FORM ENTRY |
| Relationship information |
Print version: |
| Title |
Política, sociedad e identidades en el Occidente islámico (siglos XI-XIV). |
| Edition |
1a edición. |
| Place, publisher, and date of publication |
Salamanca (España) : Ediciones Universidad de Salamanca, 2016 |
| International Standard Book Number |
9788490126929 |
| Record control number |
(OCoLC)982171915 |
| 830 #0 - SERIES ADDED ENTRY--UNIFORM TITLE |
| Uniform title |
Acta Salmanticensia. |
| Name of part/section of a work |
Estudios filológicos ; |
| Volume/sequential designation |
no. 345. |
| 856 40 - ELECTRONIC LOCATION AND ACCESS |
| Materials specified |
Digitalia Hispánica |
| Uniform Resource Identifier |
<a href="https://www.digitaliapublishing.com/a/47580/">https://www.digitaliapublishing.com/a/47580/</a> |
| 910 ## - USER-OPTION DATA (OCLC) |
| User-option data |
Premium collection: 2018 |
| 942 ## - ADDED ENTRY ELEMENTS (KOHA) |
| Koha item type |
Recurso Electrónico |